000 00816nam a22001937a 4500
999 _c1430
_d1430
005 20251125232737.0
008 s2529 th tha d
040 _aNALT
041 _atha
050 _aDS570.3 จ7ส63
245 1 0 _aพระราชาผู้เป็นที่รักของประชาชน
260 3 _aกรุงเทพฯ :
_bคณะกรรมการเอกลักษณ์ของชาติ,
_c2529
300 _a112 หน้า :
_b ภาพประกอบ
650 0 4 _aจุลจอมเกล้าเจ้าอยู่หัว, พระบาทสมเด็จพระ, 2396--2453
650 0 4 _aราชวงศ์จักรี
850 _aNALT
856 4 0 _uhttps://hdl.handle.net/20.500.14156/444290
_71
942 _cGB
_2lcc